| 000 | 00651nam a2200181 a 4500 | ||
|---|---|---|---|
| 005 | 20241211063733.0 | ||
| 008 | 991125s1974 mx 000 0 spa u | ||
| 035 | _aUPN01000017736 | ||
| 049 | _aCG | ||
| 050 | 4 |
_aHD6473 M6 _bS4.4 |
|
| 111 | 2 |
_aSeminario sobre Educación Obrera, Población y Desarrollo _n(1o : _d1974 : _cMéxico) |
|
| 245 | 1 | 0 |
_aEducación obrera, población y dearrollo en México : _bseminario celebrado del 4 al 13 de septiembre de 1974. |
| 260 |
_aMéxico : _bCTM : _bINET : _bOIT, _c1974. |
||
| 300 | _a123 p. | ||
| 650 | 4 |
_aSindicatos _zMéxico _9596 |
|
| 650 | 4 |
_aTrabajo y trabajadores _zMéxico _xHistoria _910850 |
|
| 905 | _aLibro | ||
| 999 |
_c17736 _d17736 |
||